| 000 | 00442nam a22001457a 4500 | ||
|---|---|---|---|
| 005 | 20180130122103.0 | ||
| 008 | 180130b xxu||||| |||| 00| 0 eng d | ||
| 040 | _cPK-LaUMT | ||
| 082 |
_aPKAC 297.082 _bJAL-M |
||
| 100 | _aJalal ud Din Umari | ||
| 245 |
_aMusalman aurat kay haqooq aur un per aytrazat ka jaiza/ _cJalal ud Din Umari |
||
| 260 |
_aعلی گڑھ: _bادارہ تحقیق و تصنیف، _c1986 |
||
| 300 | _a200 | ||
| 942 | _cBK | ||
| 999 |
_c102489 _d102489 |
||